|
|
|
|
| LEADER |
01561cam a2200313 i 4500 |
| 001 |
2737417 |
| 003 |
GR-PaULI |
| 005 |
20210117210917.0 |
| 008 |
780517s1978 nyua 101 0 eng |
| 952 |
|
|
|0 0
|1 0
|2 ddc
|4 0
|6 Π_Σ_591_500000000000000_NAT
|7 0
|9 232628
|a LISP
|b LISP
|c REF
|d 2019-06-04
|i 07625
|l 0
|o Π/Σ 591.5 NAT
|p 025000113659
|r 2019-06-04 00:00:00
|t 1
|v 2019.00
|w 2019-06-04
|y BKN
|
| 999 |
|
|
|c 141274
|d 141274
|
| 010 |
|
|
|a 78017597
|
| 020 |
|
|
|a 0306400243
|
| 040 |
|
|
|a DLC
|c GR-PaULI
|b gre
|e AACR2
|
| 082 |
0 |
0 |
|a 591.5
|2 23
|
| 111 |
|
|
|a NATO Advanced Study Institute on Perspectives in Sensory Ecology
|d (1977 :
|c Bishop's University)
|9 175947
|
| 245 |
1 |
0 |
|a Sensory ecology :
|b review and perspectives /
|c edited by M. A. Ali.
|
| 260 |
|
|
|a New York :
|b Plenum Press,
|c c1978.
|
| 300 |
|
|
|a x, 597 σ. :
|b εικ. ;
|c 26 εκ.
|
| 490 |
1 |
|
|a NATO ASI series. Life Sciences
|v 18.
|
| 500 |
|
|
|a "Lectures presented at the 1977 NATO Advanced Study Institute on Perspectives in Sensory Ecology, held at Bishop's University, Lennoxville, Québec, Canada,July 10-22, 1977, co-sponsored by the Université de Montréal and the National Research Council of Canada."
|
| 500 |
|
|
|a
|
| 504 |
|
|
|a Περιλαμβάνει βιβλιογραφικές παραπομπές και ευρετήριο.
|
| 650 |
|
4 |
|a Οικολογία
|9 5723
|
| 650 |
|
4 |
|a Ζώα
|9 55398
|
| 700 |
1 |
|
|a Ali, M. A.
|q (Mohamed Ather),
|d 1932-
|9 175948
|e επιμελητής.
|
| 830 |
|
0 |
|a NATO ASI series.
|n Series A.
|p Life Sciences
|v 18.
|9 162711
|
| 942 |
|
|
|2 ddc
|c BKN
|
| 998 |
|
|
|c ΜΠΟΥΡΑΣ
|d 2019-06
|